| 000 | 00737nam a22001577a 4500 | ||
|---|---|---|---|
| 003 | OSt | ||
| 005 | 20151007150114.0 | ||
| 008 | 151007b xxu||||| |||| 00| 0 eng d | ||
| 040 | _cRUA | ||
| 082 | _aAVM LIMK 2006 B077 Or.1 | ||
| 100 |
_92285 _aLIM MAKARA |
||
| 245 | _aThe effect of addition detox in feed ingredient on growth rate of fattening pigs at saang district, kandal province, (ឥទ្ធិពលនៃការបន្ថែម Detox ក្នុងចំណីផ្សំទៅលើការលូតលាស់ របស់ជ្រូកសាច់ នៅស្រុកស្អាង ខេត្តកណ្ដាល) | ||
| 260 |
_aphnom penh _brua _c2006 |
||
| 300 |
_aix, 34p. _bill. _c29cm. |
||
| 942 |
_2ddc _cAVM |
||
| 999 |
_c2153 _d2153 |
||